000 00794cam a2200241 a 4500
001 000019707
005 20200929170117.0
008 901023s1970 sp 000 p spa d
040 _aDO-SdBNP
_bspa
_cDLC
_dBNPHU
082 _a861.4
_bS187f, 1970
100 1 _aSamaniego, Félix María,
_d1745-1801.
_942155
245 1 0 _aFábulas /
_cFélix María de Samaniego.
250 _a5a ed.
260 _aMadrid, (España) :
_bEditorial Espasa-Calpe,
_c1970.
300 _a157, [19] p. ;
_c18 cm.
490 1 _aAustral. Violeta: teatro y poesía;
_v632
500 _aIncluye índice de autores
650 4 _aPoesía española
_9631
650 4 _aLiteratura española
_9632
830 0 _aAustral.
_pVioleta: teatro y poesía;
_v632
_939559
910 _aCatalogación derivada / LC
049 _aBNGR
999 _c19222
_d19222